7 Strategies for Developing Capable Students : (Record no. 2501)
[ view plain ]
| 000 -LEADER | |
|---|---|
| fixed length control field | 01791nac a22003131u 4500 |
| 008 - FIXED-LENGTH DATA ELEMENTS--GENERAL INFORMATION | |
| fixed length control field | 100906t xxu||||| |||| 00| 0 eng d |
| 010 ## - LIBRARY OF CONGRESS CONTROL NUMBER | |
| LC control number | 98011153 |
| 020 ## - INTERNATIONAL STANDARD BOOK NUMBER | |
| International Standard Book Number | 0761513566 (pbk.) |
| 082 00 - DEWEY DECIMAL CLASSIFICATION NUMBER | |
| Classification number | 370.192 |
| Item number | GLE |
| 100 ## - MAIN ENTRY--PERSONAL NAME | |
| Personal name | Glenn, H. Stephen. |
| 9 (RLIN) | 18040 |
| 245 10 - TITLE STATEMENT | |
| Title | 7 Strategies for Developing Capable Students : |
| Statement of responsibility, etc | H. Stephen Glenn and Michael L. Brock. |
| 246 3# - VARYING FORM OF TITLE | |
| Title proper/short title | Seven strategies for developing capable students |
| 260 ## - PUBLICATION, DISTRIBUTION, ETC. (IMPRINT) | |
| Place of publication, distribution, etc | Rocklin, Calif. : |
| Name of publisher, distributor, etc | Prima Pub., |
| Date of publication, distribution, etc | 1998. |
| 300 ## - PHYSICAL DESCRIPTION | |
| Extent | xxviii, 291 p. ; |
| Dimensions | 21 cm. |
| 500 ## - GENERAL NOTE | |
| General note | On t.p. "capable" is followed by an asterisk, and a second asterisk indicates this means "responsible, respectful, and resourceful." |
| 500 ## - GENERAL NOTE | |
| General note | . |
| 504 ## - BIBLIOGRAPHY, ETC. NOTE | |
| Bibliography, etc | Includes bibliographical references (p. 282-285) and index. |
| 520 ## - SUMMARY, ETC. | |
| Summary, etc | Describes principles for creating and maintaining a healthy environment of support and challenge for children at home, which in turn equips them to effectively handle the pressures of school, and prepares them to learn. |
| 650 #0 - SUBJECT ADDED ENTRY--TOPICAL TERM | |
| Topical term or geographic name as entry element | Home and school |
| Geographic subdivision | United States. |
| 9 (RLIN) | 18041 |
| 650 #0 - SUBJECT ADDED ENTRY--TOPICAL TERM | |
| Topical term or geographic name as entry element | Education |
| General subdivision | Parent participation |
| Geographic subdivision | United States. |
| 9 (RLIN) | 18042 |
| 650 #0 - SUBJECT ADDED ENTRY--TOPICAL TERM | |
| Topical term or geographic name as entry element | Parent and child |
| Geographic subdivision | United States. |
| 9 (RLIN) | 18043 |
| 650 #0 - SUBJECT ADDED ENTRY--TOPICAL TERM | |
| Topical term or geographic name as entry element | Child development |
| Geographic subdivision | United States. |
| 9 (RLIN) | 18044 |
| 700 1# - ADDED ENTRY--PERSONAL NAME | |
| Personal name | Brock, Michael L. |
| 9 (RLIN) | 18045 |
| 856 42 - ELECTRONIC LOCATION AND ACCESS | |
| Materials specified | Contributor biographical information |
| Uniform Resource Identifier | <a href="http://www.loc.gov/catdir/bios/random058/98011153.html">http://www.loc.gov/catdir/bios/random058/98011153.html</a> |
| 856 42 - ELECTRONIC LOCATION AND ACCESS | |
| Materials specified | Table of contents |
| Uniform Resource Identifier | <a href="http://www.loc.gov/catdir/toc/random041/98011153.html">http://www.loc.gov/catdir/toc/random041/98011153.html</a> |
| 856 42 - ELECTRONIC LOCATION AND ACCESS | |
| Materials specified | Publisher description |
| Uniform Resource Identifier | <a href="http://www.loc.gov/catdir/description/random043/98011153.html">http://www.loc.gov/catdir/description/random043/98011153.html</a> |
| 942 ## - ADDED ENTRY ELEMENTS (KOHA) | |
| Item type | Book - Borrowing |
| Call number prefix | 370.192 GLE |
| Source of classification or shelving scheme | Dewey Decimal Classification |
| Withdrawn status | Item status | Source of classification or shelving scheme | Damaged status | Not for loan | Vendor | Home library | Current library | Shelving location | Date acquired | Source of acquisition | Total Checkouts | Total Renewals | Full call number | Barcode | Date last seen | Date last borrowed | Koha item type |
|---|---|---|---|---|---|---|---|---|---|---|---|---|---|---|---|---|---|
| Dewey Decimal Classification | Central Library | Central Library | First floor | 10/08/2010 | 4 | 14 | 370.192 GLE | 000001646 | 15/07/2025 | 05/03/2020 | Book - Borrowing |